00859ata a2200313 450000500170000000800410001702000150005804100080007308200180008110000250009924500610012426000130018526000130019826000090021130000180022049000230023865000350026165000240029665000300032065000210035065000110037165000300038265000410041265000180045365000150047194200120048699900150049895200320051320260416155329.0150602b1997 xxu||||| |||| 00| 0 spa d a8479012137 aESP a613.62 An545e aAnderson, Bob935854 aEstirándose frente a su ordenador o la mesa de trabajo aEspaña bIntegral c1997 a101 páginas aTemática General aSALUD INDUSTRIAL Y OCUPACIONAL aSALUD EN LA OFICINA aPROGRAMAS DE ESTIRAMIENTO aCÓMO ESTIRARSE aESTRES aPRINCIPIOS DE ERGONOMÍA aINSTRUCCIONES PARA LOS ESTIRAMIENTOS aESTIRAMIENTOS aEJERCICIOS cBK2ddc c6123d6123 o613.62 An545ep9854xTGyBK